| 000 | 00825nam a2200253Ia 4500 | ||
|---|---|---|---|
| 003 | GCL | ||
| 008 | 140319s9999 xx 000 0 ara d | ||
| 040 |
_aGCL / _cGCL |
||
| 082 | 0 | 4 |
_a683.8 _bف ص |
| 100 | 1 | _aفاروق محمد العامرى | |
| 245 | 1 | 0 |
_aصيانة واصلاح الاجهزة المنزلية / _cفاروق محمد العامرى |
| 700 | 1 | _aامين فهمى | |
| 260 |
_a[S.N] : _bمركز ناصر للدراسات الالكترونية ، _c1992 |
||
| 300 | _a111 | ||
| 490 | _a | ||
| 650 | 0 | 4 | _aالصيانة |
| 650 | 0 | 4 | _aالاجهزة الالكترونية |
| 650 | 0 | 4 | _aالاجهزة المنزلية |
| 650 | 0 | 4 | _aالاصلاح |
| 650 | 0 | 4 | _aاجهزة التكييف |
| 650 | 0 | 4 | _aالغسالات الكهربائية |
| 650 | 0 | 4 | _aالسخانات |
| 942 |
_2ddc _cBK |
||
| 999 |
_c27614 _d27614 |
||